[Event "24.Schlosspark-Open"]
[Site "Wiesbaden-Biebrich"]
[Date "2012.08.25"]
[Round "4.1"]
[White "Gawehns, Klaus"]
[Black "Korneev, Oleg"]
[Result "0-1"]
[WhiteElo "2378"]
[BlackElo "2581"]
[PlyCount "93"]
[EventDate "2012.??.??"]
[WhiteTeam "SG Rheinbreitbach-Linz"]
[BlackTeam "vereinslos"]

1. e4 e5 2. Nc3 Nc6 3. Nf3 Nf6 4. Bb5 Bc5 5. O-O O-O 6. Bxc6 dxc6 7. Nxe5 Re8
8. Nd3 Bg4 9. Qe1 Bd4 10. Kh1 Bxc3 11. dxc3 Rxe4 12. Be3 Nd5 13. Qd2 Nxe3 14.
fxe3 Bh5 15. Rf4 Bg6 16. Rd1 Qe7 17. Rxe4 Bxe4 18. Nf2 Bg6 19. Kg1 Re8 20. h3
h6 21. Re1 Rd8 22. Qe2 Qe6 23. a3 Qa2 24. Nd3 c5 25. e4 Re8 26. Qg4 c4 27. Qd7
Rf8 28. Nf4 Qxb2 29. Nxg6 fxg6 30. Qd5+ Kh7 31. e5 Qxc2 32. Qd4 c5 33. Qe3 Qd3
34. e6 Qxe3+ 35. Rxe3 g5 36. Re5 b6 37. e7 Re8 38. Re6 Kg8 39. a4 Kf7 40. Rc6
Rxe7 41. a5 Re3 42. axb6 axb6 43. Rxb6 Rxc3 44. Rc6 Rc2 45. Kf1 Ke7 46. Rxc5
Kd6 47. Rc8 0-1

[Event "24.Schlosspark-Open"]
[Site "Wiesbaden-Biebrich"]
[Date "2012.08.25"]
[Round "4.2"]
[White "Levin, Felix"]
[Black "Carlstedt, Jonathan"]
[Result "1/2-1/2"]
[WhiteElo "2510"]
[BlackElo "2352"]
[PlyCount "95"]
[EventDate "2012.??.??"]
[WhiteTeam "SV Mülheim-Nord 1931 e"]
[BlackTeam "Wiesbadener SV 1885"]

1. d4 g6 2. e4 Bg7 3. Nf3 d6 4. Bc4 e6 5. Bb3 Ne7 6. O-O Nd7 7. Re1 a6 8. Nbd2
b5 9. c3 c5 10. Nf1 a5 11. a4 b4 12. Bf4 Ra6 13. Qd2 h6 14. h4 Rb6 15. Bc4 Ba6
16. Ne3 O-O 17. Bxa6 Rxa6 18. Nc4 bxc3 19. bxc3 cxd4 20. cxd4 d5 21. exd5 exd5
22. Nd6 Nc6 23. Nb5 Kh7 24. Nc7 Ra7 25. Nxd5 Ndb8 26. Nc3 Nxd4 27. Nxd4 Qxd4
28. Qxd4 Bxd4 29. Rac1 Rd7 30. Nb5 Bb2 31. Rc2 Bf6 32. g3 Rfd8 33. Bc7 Rc8 34.
Rec1 Bd8 35. Be5 Rxc2 36. Rxc2 Na6 37. Rc8 Nb4 38. Kg2 Nd5 39. Bd4 f6 40. Ra8
Kg7 41. Kf3 Kf7 42. Bc5 h5 43. Nd6+ Ke6 44. Nc4 Nc3 45. Nxa5 Nxa4 46. Be3 Bxa5
47. Rxa5 Nc3 48. Ra6+ 1/2-1/2

[Event "24.Schlosspark-Open"]
[Site "Wiesbaden-Biebrich"]
[Date "2012.08.25"]
[Round "4.3"]
[White "Schröder, Jan-Christian"]
[Black "Meijers, Viesturs"]
[Result "1/2-1/2"]
[WhiteElo "2332"]
[BlackElo "2492"]
[PlyCount "47"]
[EventDate "2012.??.??"]
[WhiteTeam "SV 1920 Hofheim"]
[BlackTeam "ESV Nickelhütte Aue"]

1. e4 c5 2. Nf3 e6 3. d4 cxd4 4. Nxd4 a6 5. Nc3 b5 6. Bd3 Bb7 7. O-O b4 8. Nb1
Nf6 9. Qe2 Qc7 10. a3 Nc6 11. Nxc6 Qxc6 12. Nd2 a5 13. axb4 axb4 14. Rxa8+ Bxa8
15. f3 Bc5+ 16. Kh1 Qc7 17. Nb3 Be7 18. Bd2 O-O 19. Ra1 Qe5 20. Be3 Bc6 21. Bd4
Qf4 22. Be3 Qe5 23. Bd4 Qf4 24. Be3 1/2-1/2

[Event "24.Schlosspark-Open"]
[Site "Wiesbaden-Biebrich"]
[Date "2012.08.25"]
[Round "4.4"]
[White "Poetsch, Hagen"]
[Black "Junesch, Gerhard"]
[Result "1/2-1/2"]
[WhiteElo "2462"]
[BlackElo "2291"]
[PlyCount "64"]
[EventDate "2012.??.??"]
[WhiteTeam "Wiesbadener SV 1885"]
[BlackTeam "SC Erdmannhausen"]

1. e4 c6 2. d4 d5 3. e5 Bf5 4. Nf3 e6 5. Be2 Ne7 6. O-O c5 7. Na3 Nec6 8. c4
dxc4 9. Bg5 Be7 10. Bxe7 Qxe7 11. Nxc4 O-O 12. Nd6 cxd4 13. Nxd4 Nxe5 14. N4xf5
exf5 15. Nxf5 Qf6 16. Ne3 Nbc6 17. Nd5 Qd6 18. Qd2 Rad8 19. Rfd1 Rd7 20. Qe3
Qe6 21. Nc3 Rfd8 22. Rxd7 Qxd7 23. Rd1 Qe8 24. Nd5 Qe6 25. Qb3 h6 26. f4 Ng6
27. Kf2 Nge7 28. Bf3 Nxd5 29. Bxd5 Qe7 30. Bxc6 Rxd1 31. Qxd1 Qc5+ 32. Kg3 Qxc6
1/2-1/2

[Event "24.Schlosspark-Open"]
[Site "Wiesbaden-Biebrich"]
[Date "2012.08.25"]
[Round "4.5"]
[White "Jahnel, Günther"]
[Black "Boidman, Yuri"]
[Result "1-0"]
[WhiteElo "2282"]
[BlackElo "2427"]
[PlyCount "145"]
[EventDate "2012.??.??"]
[WhiteTeam "FVS ASP Hoyerswerda"]
[BlackTeam "SC Heimbach-Weis/Neuwied"]

1. d4 Nf6 2. c4 c5 3. d5 b5 4. cxb5 e6 5. Nc3 exd5 6. Nxd5 Bb7 7. e4 Nxd5 8.
exd5 d6 9. Ne2 Be7 10. Nc3 O-O 11. Be2 a6 12. O-O axb5 13. Bxb5 Na6 14. Re1 Nc7
15. Bc4 Ra7 16. Bf4 Ba6 17. Qd3 Bxc4 18. Qxc4 Rb7 19. Qe2 Re8 20. Qd2 Rb4 21.
Rad1 Bf6 22. Rxe8+ Nxe8 23. Re1 Nc7 24. h3 h6 25. Be3 Qb8 26. Re2 Qb7 27. a3
Bxc3 28. bxc3 Rb1+ 29. Kh2 Nxd5 30. Bxh6 gxh6 31. Qxh6 Ne7 32. Qg5+ Ng6 33. h4
Qb5 34. Re4 c4 35. Qd8+ Kh7 36. Qxd6 Qf5 37. f3 Rb2 38. Kg3 Rb5 39. Rxc4 Ne5
40. Rb4 Ng6 41. Rxb5 Qxb5 42. Qf6 Qb8+ 43. f4 Qe8 44. Kh2 Ne7 45. h5 Ng8 46.
Qf5+ Kh6 47. a4 Qe7 48. Qg4 Kh7 49. Qg5 Qa3 50. Qf5+ Kg7 51. Qe5+ Kh7 52. a5
Nh6 53. Qe4+ Kg8 54. Qc6 Kg7 55. Qc7 Qa1 56. Qe5+ Kh7 57. Qe4+ Kg7 58. Qd4+ Kh7
59. Qd3+ Kg7 60. a6 Ng4+ 61. Kg3 Nf6 62. Kf2 Qa4 63. g3 Qa2+ 64. Kf3 Qa1 65.
Kg2 Qa2+ 66. Kh3 Qa1 67. Kg2 Qa2+ 68. Kh3 Qe6+ 69. f5 Qa2 70. h6+ Kh7 71. Qd6
Ne4 72. Qd4 Qe2 73. Qg7# 1-0

[Event "24.Schlosspark-Open"]
[Site "Wiesbaden-Biebrich"]
[Date "2012.08.25"]
[Round "4.7"]
[White "Müller, Ralf"]
[Black "Kienitz, Andre"]
[Result "1/2-1/2"]
[WhiteElo "2414"]
[BlackElo "2153"]
[PlyCount "87"]
[EventDate "2012.??.??"]
[WhiteTeam "SG Stern Stuttgart"]
[BlackTeam "SF Erkelenz 1959 e.V."]

1. d4 Nf6 2. c4 e6 3. Nf3 b6 4. g3 Bb7 5. Bg2 Be7 6. O-O O-O 7. d5 Na6 8. a3
Nc5 9. Nc3 Nce4 10. Nxe4 Nxe4 11. Ne5 Nd6 12. dxe6 dxe6 13. Bxb7 Nxb7 14. Qc2
Bd6 15. Rd1 Qe8 16. Nd3 a5 17. b3 Qc6 18. Bb2 f6 19. Bd4 Rfd8 20. Be3 Nc5 21.
Nxc5 Bxc5 22. Bxc5 bxc5 23. Rxd8+ Rxd8 24. Rd1 Rd6 25. Rd3 h6 26. Qd2 Qb6 27.
Qc3 Kf7 28. h4 Qa6 29. h5 Qb6 30. Qc2 Qc6 31. Rf3 Rd4 32. Qc3 Qb6 33. Kg2 Qa6
34. e3 Re4 35. Qd2 Ke7 36. Kg1 a4 37. Qd3 Qc6 38. bxa4 Re5 39. Qd1 Rxh5 40. a5
Re5 41. e4 Rxe4 42. Rd3 Rxc4 43. a6 Ra4 44. Qh5 1/2-1/2

[Event "24.Schlosspark-Open"]
[Site "Wiesbaden-Biebrich"]
[Date "2012.08.25"]
[Round "4.8"]
[White "Ruppert, Wolfgang"]
[Black "Nagel, Bernhard"]
[Result "0-1"]
[WhiteElo "2124"]
[BlackElo "2223"]
[PlyCount "136"]
[EventDate "2012.??.??"]
[WhiteTeam "SC Flörsheim 1921"]
[BlackTeam "Wiesbadener SV 1885"]

1. e4 c5 2. d4 cxd4 3. c3 Nf6 4. e5 Nd5 5. Qxd4 e6 6. Nf3 Nc6 7. Qe4 f5 8. Qe2
b6 9. g3 Be7 10. Bg2 Nc7 11. O-O Ba6 12. c4 b5 13. b3 bxc4 14. bxc4 Rb8 15. Rd1
Qc8 16. Nd4 Nxd4 17. Rxd4 O-O 18. Nd2 Bb7 19. Nf3 Na6 20. h4 Bc5 21. Rf4 Be4
22. Be3 Bxe3 23. Qxe3 Nc5 24. Qd4 Rb7 25. Ne1 Bxg2 26. Nxg2 Qc6 27. Ne3 Rfb8
28. Qd6 Rb1+ 29. Rxb1 Rxb1+ 30. Nf1 Qxd6 31. exd6 Rd1 32. Rf3 Rxd6 33. Rc3 Ra6
34. Rc2 Rb6 35. Nd2 Kf7 36. Nf3 d6 37. Kg2 h6 38. Nd4 a6 39. f3 Nd3 40. Rd2 Rb2
41. Nb3 Rxd2+ 42. Nxd2 Ke7 43. Nb3 Nb4 44. a3 Nc2 45. Na5 Nxa3 46. Kf2 Kd7 47.
Ke2 Nc2 48. Nb3 e5 49. Nd2 Nd4+ 50. Kd3 Ne6 51. h5 Nc5+ 52. Kc3 a5 53. Nf1 Ke6
54. Ne3 Nd7 55. g4 fxg4 56. fxg4 Nf6 57. Kb3 d5 58. cxd5+ Nxd5 59. Nf5 Kf6 60.
Ka4 e4 61. Kxa5 e3 62. Nd4 Nf4 63. Nf3 e2 64. Ne1 Kg5 65. Kb4 Kxg4 66. Kc3 Kxh5
67. Kd2 Kg4 68. Ke3 Kg3 0-1

[Event "24.Schlosspark-Open"]
[Site "Wiesbaden-Biebrich"]
[Date "2012.08.25"]
[Round "4.10"]
[White "Willems, Matthias"]
[Black "Puschendorf, Steffen"]
[Result "*"]
[WhiteElo "1998"]
[BlackElo "2210"]
[PlyCount "128"]
[EventDate "2012.??.??"]
[WhiteTeam "SC Bad Nauheim"]
[BlackTeam "ESV Gera"]

1. Nf3 g6 2. c4 Bg7 3. g3 d6 4. Bg2 e5 5. d3 Nc6 6. Nc3 f5 7. O-O Nf6 8. Rb1
O-O 9. b4 h6 10. b5 Ne7 11. Qb3 Be6 12. Nd2 Rb8 13. Qa4 Nc8 14. Ba3 b6 15. Nd5
Nxd5 16. Bxd5 Bxd5 17. cxd5 Rf7 18. Rbc1 g5 19. Rc2 Ne7 20. Rfc1 Ng6 21. Kg2
Ra8 22. Qa6 Bf8 23. Bb4 Qb8 24. Rc4 Rd7 25. e4 f4 26. Qa4 a5 27. Ba3 Qd8 28.
Qc2 Ra7 29. Qd1 Qf6 30. Qg4 Qf7 31. Qe6 Bg7 32. Qxf7+ Rxf7 33. f3 fxg3 34. hxg3
h5 35. Nf1 h4 36. Ne3 hxg3 37. Kxg3 Nf4 38. Rh1 Nxd3 39. Rh5 Nf4 40. Rxg5 Ne2+
41. Kg2 Nf4+ 42. Kh2 Kh8 43. Rc2 Bf6 44. Rg4 Rh7+ 45. Kg1 Ra8 46. Rh2 Rxh2 47.
Kxh2 Rd8 48. Bb2 Rf8 49. Nf5 Nd3 50. Bc3 Rg8 51. Rxg8+ Kxg8 52. Bd2 Kf7 53. Kg3
Kg6 54. Kg4 Nf2+ 55. Kg3 Nd3 56. Kg4 a4 57. Nh4+ Bxh4 58. Kxh4 Kf7 59. Kg5 Ke7
60. Kg6 Nb2 61. Kf5 Nc4 62. Bg5+ Kd7 63. Bc1 Na5 64. Bg5 Nb7 *

[Event "24.Schlosspark-Open"]
[Site "Wiesbaden-Biebrich"]
[Date "2012.08.25"]
[Round "4.11"]
[White "Haas, Frank-Martin"]
[Black "Schmitt, Carsten"]
[Result "1-0"]
[WhiteElo "2184"]
[BlackElo "1986"]
[PlyCount "41"]
[EventDate "2012.??.??"]
[WhiteTeam "SV 1947 Walldorf"]
[BlackTeam "SV Bergwinkel"]

1. e4 c5 2. d4 cxd4 3. c3 Nf6 4. e5 Nd5 5. Nf3 Nc6 6. cxd4 d6 7. Bc4 e6 8. O-O
Be7 9. Qe2 O-O 10. Rd1 Qa5 11. Bd2 Qb6 12. Nc3 Nxd4 13. Nxd4 Qxd4 14. Bxd5 exd5
15. Bg5 Qxe5 16. Qxe5 dxe5 17. Bxe7 d4 18. Bxf8 Bf5 19. Bd6 dxc3 20. bxc3 f6
21. Bc7 1-0

[Event "24.Schlosspark-Open"]
[Site "Wiesbaden-Biebrich"]
[Date "2012.08.25"]
[Round "4.13"]
[White "Baskin, Robert"]
[Black "Kiese, Matth"]
[Result "1/2-1/2"]
[WhiteElo "2055"]
[BlackElo "2220"]
[PlyCount "49"]
[EventDate "2012.??.??"]
[WhiteTeam "SAbt TuS Makkabi Ffm"]
[BlackTeam "Bochumer SV 02"]

1. e4 e6 2. d4 d5 3. Nc3 dxe4 4. Nxe4 Bd7 5. Nf3 Bc6 6. Bd3 Nd7 7. O-O Ngf6 8.
Ng3 Be7 9. b3 O-O 10. c4 Bxf3 11. Qxf3 c6 12. Bb2 Qa5 13. a3 Rad8 14. Rad1 Rfe8
15. Rfe1 Bf8 16. h3 Qg5 17. Ne4 Qh5 18. Qe3 Nxe4 19. Bxe4 g6 20. d5 exd5 21.
Qc3 Qe5 22. Qd2 Qh5 23. cxd5 c5 24. Qc3 Qe5 25. Qd2 1/2-1/2

[Event "24.Schlosspark-Open"]
[Site "Wiesbaden-Biebrich"]
[Date "2012.08.25"]
[Round "4.14"]
[White "Chandler, Patrick"]
[Black "Stiefel, Roland"]
[Result "1-0"]
[WhiteElo "2218"]
[BlackElo "2059"]
[PlyCount "115"]
[EventDate "2012.??.??"]
[WhiteTeam "Sfr. Schöneck"]
[BlackTeam "SSV Vimaria 91 Weimar"]

1. e4 c5 2. Nf3 a6 3. c4 b6 4. Nc3 e6 5. g3 Bb7 6. Bg2 Be7 7. O-O d6 8. d4 Nd7
9. d5 e5 10. Ne1 Ngf6 11. f4 Qc7 12. Nd3 h5 13. h3 b5 14. fxe5 dxe5 15. b3 Nb6
16. Qc2 O-O 17. Nd1 Nfd7 18. Ne3 g6 19. Bd2 Qd6 20. Kh1 f6 21. g4 hxg4 22. Nxg4
Kh7 23. Ba5 Rf7 24. Qd2 Bf8 25. cxb5 Re8 26. bxa6 Bxa6 27. Rf2 f5 28. Bxb6 Qxb6
29. Nb2 Qd8 30. exf5 gxf5 31. Rxf5 Rxf5 32. Be4 Nf6 33. Bxf5+ Kh8 34. Rd1 Nxg4
35. hxg4 Qf6 36. Kg2 Bh6 37. Rh1 Kg7 38. Qc3 Bb7 39. Rd1 Bf4 40. Qxc5 Qh4 41.
Qf2 Qh2+ 42. Kf1 Qh3+ 43. Qg2 Qc3 44. Nd3 Ba6 45. Qf2 Qa5 46. Qh4 Qxd5 47. Qh7+
Kf8 48. Be4 Qe6 49. Qf5+ Qxf5 50. gxf5 Rd8 51. Kg2 Rd4 52. Nf2 Rb4 53. Rd6 Be2
54. Bd3 Bh5 55. Bc4 Rb7 56. f6 Ke8 57. Nd3 Be2 58. f7+ 1-0

[Event "24.Schlosspark-Open"]
[Site "Wiesbaden-Biebrich"]
[Date "2012.08.25"]
[Round "4.15"]
[White "Reinert, Stéphane"]
[Black "Seegers, Hendrik"]
[Result "0-1"]
[WhiteElo "2050"]
[BlackElo "2217"]
[PlyCount "54"]
[EventDate "2012.??.??"]
[WhiteTeam "SC Bad Nauheim"]
[BlackTeam "SF Neuenkirchen"]

1. e4 d5 2. exd5 Nf6 3. Bb5+ Bd7 4. Bc4 b5 5. Bb3 Bg4 6. f3 Bc8 7. Qe2 a6 8.
Nc3 Nbd7 9. a4 b4 10. Ne4 Bb7 11. d6 e6 12. dxc7 Qxc7 13. d4 Be7 14. Nh3 Nxe4
15. fxe4 Rc8 16. Bg5 Bxg5 17. Nxg5 Qf4 18. Bxe6 fxe6 19. Nxe6 Qxe4 20. Qxe4
Bxe4 21. O-O Rxc2 22. Nxg7+ Ke7 23. Nf5+ Ke6 24. d5+ Ke5 25. Ne3 Re2 26. Rae1
Rxe1 27. Rxe1 Nc5 0-1

[Event "24.Schlosspark-Open"]
[Site "Wiesbaden-Biebrich"]
[Date "2012.08.25"]
[Round "4.16"]
[White "Stabolewski, Andreas"]
[Black "Zeyer, Oliver"]
[Result "0-1"]
[WhiteElo "2214"]
[BlackElo "1976"]
[PlyCount "100"]
[EventDate "2012.??.??"]
[WhiteTeam "vereinslos"]
[BlackTeam "SF HN-Biberach 1978 e.V."]

1. c4 Nf6 2. Nc3 g6 3. e4 d6 4. d4 Bg7 5. h3 O-O 6. Nge2 c5 7. d5 b5 8. cxb5 a6
9. Ng3 Nfd7 10. Be2 axb5 11. Nxb5 Ba6 12. O-O Nb6 13. a4 c4 14. Ra3 N8d7 15.
Qc2 Bxb5 16. axb5 Qc7 17. Be3 Rxa3 18. bxa3 Ra8 19. Rc1 Rxa3 20. Qd1 Ne5 21.
Nf1 Ned7 22. Bd4 Bxd4 23. Qxd4 Qc5 24. Qxc5 Nxc5 25. Bxc4 Ra4 26. Ne3 Nxe4 27.
Be2 Nc5 28. Rc2 Kf8 29. g3 Ke8 30. Kg2 Kd7 31. h4 Ra5 32. h5 e6 33. Bf3 Rxb5
34. Ra2 Nca4 35. h6 Ke7 36. Bd1 Rb4 37. Nc2 Rc4 38. Be2 Rc7 39. Bd3 Nc5 40. Bb5
Nxd5 41. Ra8 Nd7 42. Nd4 e5 43. Nc6+ Kf6 44. Rh8 Nc3 45. Rxh7 Nxb5 46. Nd8 Nf8
47. Rg7 d5 48. g4 Nd6 49. g5+ Ke7 50. Rg8 d4 0-1

[Event "24.Schlosspark-Open"]
[Site "Wiesbaden-Biebrich"]
[Date "2012.08.25"]
[Round "4.17"]
[White "Kolker, Vladislav"]
[Black "Tischendorf, Michael"]
[Result "1/2-1/2"]
[WhiteElo "2028"]
[BlackElo "2198"]
[PlyCount "43"]
[EventDate "2012.??.??"]
[WhiteTeam "SC Bad Nauheim"]
[BlackTeam "SV 1920 Hofheim"]

1. e4 e6 2. d3 c5 3. Nf3 Nc6 4. g3 g6 5. Bg2 Bg7 6. O-O Nge7 7. Nc3 O-O 8. Be3
Nd4 9. Qd2 Nec6 10. Ne1 d6 11. Nd1 e5 12. c3 Ne6 13. f4 exf4 14. gxf4 f5 15.
Nf3 Bd7 16. exf5 gxf5 17. d4 cxd4 18. cxd4 Ne7 19. d5 Nc5 20. Nc3 Rc8 21. Bd4
Ng6 22. Rae1 1/2-1/2

[Event "24.Schlosspark-Open"]
[Site "Wiesbaden-Biebrich"]
[Date "2012.08.25"]
[Round "4.18"]
[White "Bauer, Claus"]
[Black "Gentner, Markus"]
[Result "1/2-1/2"]
[WhiteElo "2183"]
[BlackElo "2026"]
[PlyCount "80"]
[EventDate "2012.??.??"]
[WhiteTeam "Sfr.Mainz 1928"]
[BlackTeam "SC Murrhardt 1948 e.V."]

1. d4 Nf6 2. Nf3 e6 3. Bg5 c5 4. e3 Be7 5. Nbd2 b6 6. c3 Bb7 7. Bd3 d6 8. O-O
O-O 9. Re1 Nbd7 10. e4 Re8 11. Qe2 Qc7 12. e5 dxe5 13. dxe5 Nd5 14. Qe4 Nf8 15.
Qg4 Bxg5 16. Nxg5 Ne7 17. Nde4 Bxe4 18. Bxe4 Rad8 19. Re3 h6 20. Nf3 Nd5 21.
Re2 Rd7 22. Rd2 Red8 23. Bc2 a6 24. Rad1 b5 25. h4 Nb6 26. Qe4 Rd5 27. b3 g6
28. h5 Kg7 29. g3 R8d7 30. Qe3 Qd8 31. hxg6 Nxg6 32. Bxg6 fxg6 33. Rxd5 Rxd5
34. Rxd5 Qxd5 35. Qf4 Nd7 36. c4 Qd3 37. Kg2 g5 38. Qg4 Kf7 39. Qh5+ Qg6 40.
Qg4 Qf5 1/2-1/2

[Event "24.Schlosspark-Open"]
[Site "Wiesbaden-Biebrich"]
[Date "2012.08.25"]
[Round "4.20"]
[White "Marzahn, Heiko"]
[Black "Werner, Dimo"]
[Result "1-0"]
[WhiteElo "2025"]
[BlackElo "2160"]
[PlyCount "51"]
[EventDate "2012.??.??"]
[WhiteTeam "Sfr.Erbach"]
[BlackTeam "Vorw.Orient Mainz"]

1. e4 c5 2. Nf3 d6 3. d4 cxd4 4. Nxd4 Nf6 5. Nc3 a6 6. f4 Qc7 7. Bd3 e6 8. Qf3
Nbd7 9. O-O b5 10. g4 h6 11. Qh3 b4 12. Nce2 Nc5 13. Ng3 d5 14. e5 Nfe4 15. Be3
Nxg3 16. Qxg3 Bb7 17. f5 O-O-O 18. fxe6 fxe6 19. Bg6 Rd7 20. Rac1 Qb6 21. c3 b3
22. Nxb3 Qc6 23. Rxf8+ Rxf8 24. Bxc5 Rff7 25. Bxf7 Rxf7 26. Bd4 1-0

[Event "24.Schlosspark-Open"]
[Site "Wiesbaden-Biebrich"]
[Date "2012.08.25"]
[Round "4.21"]
[White "Eg, Karlheinz"]
[Black "Seickel, Ralf"]
[Result "0-1"]
[WhiteElo "2025"]
[BlackElo "2150"]
[PlyCount "48"]
[EventDate "2012.??.??"]
[WhiteTeam "SV Rüsselsheim 1929"]
[BlackTeam "vereinslos"]

1. e4 c5 2. Nf3 d6 3. d4 cxd4 4. Nxd4 Nf6 5. Nc3 a6 6. Bc4 e6 7. Bb3 b5 8. a3
Bb7 9. O-O Nc6 10. f4 Be7 11. Be3 O-O 12. Nxc6 Bxc6 13. Qd4 Ng4 14. Rad1 Bf6
15. e5 dxe5 16. Qc5 Qc8 17. fxe5 Bxe5 18. Bd4 Qc7 19. Bxe5 Qxe5 20. Qxe5 Nxe5
21. Rfe1 Ng4 22. Rxe6 fxe6 23. Bxe6+ Kh8 24. Bxg4 Rad8 0-1

[Event "24.Schlosspark-Open"]
[Site "Wiesbaden-Biebrich"]
[Date "2012.08.25"]
[Round "4.22"]
[White "Budzyn, Matthias"]
[Black "Bremer, Vincent"]
[Result "1-0"]
[WhiteElo "2138"]
[BlackElo "2016"]
[PlyCount "95"]
[EventDate "2012.??.??"]
[WhiteTeam "SG Turm Kiel von 1910"]
[BlackTeam "SC Lerchenberg/ZMO"]

1. e4 e6 2. d4 d5 3. e5 c5 4. c3 Qb6 5. Nf3 Bd7 6. Qb3 Qxb3 7. axb3 cxd4 8.
Nxd4 Bc5 9. Nb5 Bxb5 10. Bxb5+ Nc6 11. Bf4 Nge7 12. Nd2 O-O 13. Nf3 a6 14. Bd3
Rac8 15. O-O Ba7 16. Rfe1 h6 17. h4 Rfd8 18. Red1 Rd7 19. b4 Ng6 20. Bg3 Bb8
21. Re1 d4 22. b5 axb5 23. Bxb5 dxc3 24. bxc3 Rd5 25. Bxc6 bxc6 26. Ra8 c5 27.
Rb1 Rdd8 28. h5 Nf8 29. Bh4 Re8 30. Rb7 g5 31. hxg6 Nxg6 32. Bf6 Nf4 33. c4 Nd3
34. g3 Nb4 35. Nh2 Nc6 36. Ng4 Bc7 37. Rxc8 Rxc8 38. Nxh6+ Kf8 39. Ng4 Na5 40.
Rb5 Nxc4 41. Rxc5 Nb6 42. Kg2 Bb8 43. Rb5 Nd5 44. Rb7 Bc7 45. Rb1 Ke8 46. Rh1
Kd7 47. Rh7 Rf8 48. Bg7 1-0

[Event "24.Schlosspark-Open"]
[Site "Wiesbaden-Biebrich"]
[Date "2012.08.25"]
[Round "4.23"]
[White "Kobs, Stephan"]
[Black "Regis, Georg"]
[Result "1-0"]
[WhiteElo "2019"]
[BlackElo "2137"]
[PlyCount "117"]
[EventDate "2012.??.??"]
[WhiteTeam "SV Esens"]
[BlackTeam "SAbt TuS Dotzheim"]

1. e4 Nf6 2. e5 Nd5 3. d4 d6 4. c4 Nb6 5. exd6 cxd6 6. Nc3 N8d7 7. Be3 e6 8. b3
Be7 9. Nf3 Nf6 10. h3 Nbd7 11. Rc1 b6 12. Be2 Bb7 13. O-O O-O 14. Qd2 Ne4 15.
Nxe4 Bxe4 16. Ng5 Bg6 17. Bf3 Rc8 18. Be4 Bxe4 19. Nxe4 Nf6 20. Nxf6+ Bxf6 21.
d5 e5 22. f4 Re8 23. fxe5 Bxe5 24. Bf4 Qh4 25. Bxe5 Rxe5 26. Qf2 Qe7 27. Rce1
f6 28. Rxe5 dxe5 29. Rd1 Qd6 30. Qf5 Rc5 31. Qe6+ Qxe6 32. dxe6 Kf8 33. Rd7 a5
34. Rf7+ Ke8 35. Rxg7 Rc6 36. Rxh7 Rxe6 37. Kf2 f5 38. Ra7 Rd6 39. c5 bxc5 40.
Rxa5 Rd2+ 41. Ke1 Rxg2 42. Rxc5 Rxa2 43. Rxe5+ Kd7 44. Rxf5 Rb2 45. Rf3 Ke6 46.
Kd1 Kd5 47. Kc1 Rh2 48. Rg3 Kc5 49. Kd1 Kd4 50. Ke1 Ke4 51. Kf1 Kf4 52. Rc3 Rb2
53. Ke1 Ke4 54. h4 Rh2 55. Kf1 Kd4 56. Kg1 Rb2 57. Rh3 Ke5 58. h5 Kf6 59. h6
1-0

[Event "24.Schlosspark-Open"]
[Site "Wiesbaden-Biebrich"]
[Date "2012.08.25"]
[Round "4.24"]
[White "Von den Steinen, Benjamin"]
[Black "Schmidt, Volker"]
[Result "1-0"]
[WhiteElo "2137"]
[BlackElo "1982"]
[PlyCount "109"]
[EventDate "2012.??.??"]
[WhiteTeam "Sfr.Bitburg 1958"]
[BlackTeam "SAbt TuS Dotzheim"]

1. e4 c5 2. Nf3 d6 3. d4 cxd4 4. Nxd4 g6 5. Nc3 Bg7 6. Be3 Nf6 7. f3 O-O 8. Qd2
Nc6 9. O-O-O Be6 10. Kb1 Qa5 11. h4 Nxd4 12. Bxd4 Rfc8 13. Bxf6 Rxc3 14. Qxc3
Qxa2+ 15. Kc1 Bxf6 16. Qa3 Qxa3 17. bxa3 Rc8 18. g3 Rc5 19. f4 b5 20. h5 a5 21.
e5 Bg7 22. hxg6 hxg6 23. exd6 exd6 24. Rxd6 Bf8 25. Rb6 b4 26. axb4 axb4 27.
Rxb4 Rxc2+ 28. Kxc2 Bxb4 29. Bd3 Kg7 30. Rf1 Bd6 31. f5 gxf5 32. Bxf5 Bxf5+ 33.
Rxf5 Kg6 34. g4 f6 35. Kd3 Be5 36. Ke4 Bb2 37. Kd5 Bc3 38. Ke6 Bd4 39. Rd5 Bc3
40. Rc5 Bd4 41. Rc8 Kg5 42. Rg8+ Kf4 43. Rg6 Bc3 44. Kf7 Bd4 45. Kg8 Bc3 46.
Kh7 Bd4 47. Kh6 Bc3 48. Kh5 Bd4 49. Rg8 Bc3 50. Rc8 Be5 51. Kh4 Ke4 52. Rc1 Kd5
53. Kh5 Ke4 54. Rf1 Kd5 55. Kg6 1-0

[Event "24.Schlosspark-Open"]
[Site "Wiesbaden-Biebrich"]
[Date "2012.08.25"]
[Round "4.25"]
[White "Wüst, Klaus"]
[Black "Goloborodko, Dmitro"]
[Result "0-1"]
[WhiteElo "2005"]
[BlackElo "2124"]
[PlyCount "52"]
[EventDate "2012.??.??"]
[WhiteTeam "Sfr. Wieseck"]
[BlackTeam "SG Turm Idstein"]

1. d4 d5 2. c4 c6 3. Nf3 Nf6 4. Nc3 dxc4 5. a4 Bf5 6. e3 e6 7. Bxc4 Bb4 8. Qb3
Qe7 9. O-O O-O 10. Bd2 Rd8 11. h3 c5 12. Rad1 Nc6 13. Ne2 Na5 14. Qa2 Be4 15.
Bxb4 cxb4 16. Ne5 Bc2 17. Rde1 b3 18. Qa1 Nd7 19. Nxd7 Nxc4 20. Ne5 Nd2 21. Nc3
Nxf1 22. Rxf1 Rac8 23. Qe1 f6 24. Nf3 Bd3 25. Ne2 Rc2 26. Nd2 Qb4 0-1

[Event "24.Schlosspark-Open"]
[Site "Wiesbaden-Biebrich"]
[Date "2012.08.25"]
[Round "4.27"]
[White "Minz, Michail"]
[Black "Hohner, Karl-Heinz"]
[Result "1-0"]
[WhiteElo "2096"]
[BlackElo "1945"]
[PlyCount "55"]
[EventDate "2012.??.??"]
[WhiteTeam "SK Gau-Algesheim"]
[BlackTeam "vereinslos"]

1. e4 c5 2. Nf3 a6 3. d3 Nc6 4. g3 g6 5. Bg2 Bg7 6. O-O d6 7. Nbd2 e5 8. Nc4
Nge7 9. c3 O-O 10. Nh4 Rb8 11. a4 b5 12. axb5 axb5 13. Ne3 Kh8 14. Nc2 Be6 15.
f4 exf4 16. Bxf4 Qd7 17. d4 cxd4 18. cxd4 Bb3 19. Qd2 Bxc2 20. Qxc2 Nxd4 21.
Qd3 Nec6 22. Rad1 Ne5 23. Qxd4 Nf3+ 24. Nxf3 Bxd4+ 25. Rxd4 Rb6 26. e5 d5 27.
Bh6 Rc8 28. Ng5 1-0

[Event "24.Schlosspark-Open"]
[Site "Wiesbaden-Biebrich"]
[Date "2012.08.25"]
[Round "4.28"]
[White "Belz, Frank-M"]
[Black "Berberich, Christoph"]
[Result "1/2-1/2"]
[WhiteElo "1969"]
[BlackElo "2085"]
[PlyCount "107"]
[EventDate "2012.??.??"]
[WhiteTeam "SK Freising"]
[BlackTeam "SK Freiburg Zähringen 1887 e.V."]

1. Nf3 c5 2. c4 Nf6 3. g3 g6 4. Bg2 Bg7 5. O-O O-O 6. Nc3 d5 7. cxd5 Nxd5 8.
Nxd5 Qxd5 9. d3 Nc6 10. a3 Bd7 11. Rb1 Rac8 12. Be3 Qd6 13. Qd2 Nd4 14. b4 b6
15. Rfc1 cxb4 16. Bxd4 Bxd4 17. Nxd4 Qxd4 18. Rxb4 Rxc1+ 19. Qxc1 Qe5 20. Re4
Qd6 21. Rc4 Qe5 22. e3 a5 23. Rc7 Qe6 24. Bc6 Bxc6 25. Rxc6 Qb3 26. d4 Rd8 27.
Rc3 Qd5 28. Rc6 Rd6 29. Rc8+ Rd8 30. Qc6 Qxc6 31. Rxc6 Rb8 32. Rc7 e6 33. Kf1
b5 34. Ke2 b4 35. axb4 Rxb4 36. Ra7 Rb2+ 37. Kf3 Ra2 38. g4 g5 39. h3 Kg7 40.
Kg3 h6 41. f4 Ra3 42. Kf3 Ra1 43. Ke4 Kf6 44. Ra6 gxf4 45. Kxf4 Ra4 46. h4 Ra1
47. g5+ hxg5+ 48. hxg5+ Kg7 49. e4 a4 50. d5 exd5 51. exd5 a3 52. d6 a2 53. d7
Rd1 54. Rxa2 1/2-1/2

[Event "24.Schlosspark-Open"]
[Site "Wiesbaden-Biebrich"]
[Date "2012.08.25"]
[Round "4.29"]
[White "Kalepky, Helmut"]
[Black "Geyler, Stefan"]
[Result "1-0"]
[WhiteElo "2084"]
[BlackElo "1915"]
[PlyCount "121"]
[EventDate "2012.??.??"]
[WhiteTeam "Sfr.Heidesheim"]
[BlackTeam "Düsseldorfer SK 14/25 e."]

1. Nf3 Nf6 2. c4 g6 3. b4 Bg7 4. Bb2 c6 5. e3 O-O 6. Qb3 d6 7. d4 Bg4 8. Nbd2
Re8 9. Bd3 Na6 10. h3 Bc8 11. Rd1 Nc7 12. Nf1 Bd7 13. Ng3 a5 14. bxa5 Rxa5 15.
Bc3 Ra8 16. Rd2 Bc8 17. e4 Ne6 18. Ne2 Bh6 19. Rb2 Nf4 20. Nxf4 Bxf4 21. Bb1
Nh5 22. g4 Ng7 23. Bd2 Ne6 24. Kf1 Bxd2 25. Rxd2 Qa5 26. Qe3 Kg7 27. Kg2 Qb4
28. Qb3 Qxb3 29. axb3 Bd7 30. Ba2 Ra3 31. Rb1 Rea8 32. Rbb2 R8a7 33. Bb1 Bc8
34. Ne1 Ra8 35. Nc2 R3a7 36. Kg3 Ra6 37. f4 R6a7 38. h4 h6 39. f5 Nf8 40. Kf4
Nh7 41. g5 h5 42. Ne3 Bd7 43. Ra2 Rxa2 44. Rxa2 Rxa2 45. Bxa2 Bc8 46. Bb1 Nf8
47. e5 dxe5+ 48. dxe5 Bd7 49. f6+ exf6 50. exf6+ Kg8 51. Ke5 Ne6 52. Kd6 Bc8
53. Be4 Kf8 54. b4 Ke8 55. b5 cxb5 56. cxb5 Kd8 57. Bd5 Ke8 58. Bxe6 Bxe6 59.
Kc7 Bd7 60. b6 Bc6 61. Nc4 1-0